Laboratories of the spirit /

Bibliographic Details
Main Author: Thomas, R. S. (Ronald Stuart), 1913-2000
Format: Book
Language:English
Published: Boston : David R. Godine, 1976

MARC

Tag First Indicator Second Indicator Subfields
LEADER 00000cam a2200000 4500
001 in00000336713
005 20151011052732.0
008 760512n1976 xx 00000 eng u
010 |a  75018810  
035 |a (OCoLC)02172143 
035 |9 ABL4766AM 
040 |c DRB  |d TXA  |d UtOrBLW 
049 |a TXAM  |c [1434123] 
090 |a PR6039.H618  |b L3 1976 
100 1 |a Thomas, R. S.  |q (Ronald Stuart),  |d 1913-2000. 
245 1 0 |a Laboratories of the spirit /  |c R. S. Thomas. 
264 1 |a Boston :  |b David R. Godine,  |c 1976 
264 4 |c ©1975 
300 |a vi, 65 pages ;  |c 21 cm. 
336 |a text  |b txt  |2 rdacontent 
337 |a unmediated  |b n  |2 rdamedia 
338 |a volume  |b nc  |2 rdacarrier 
500 |a Poems. 
999 |a MARS 
999 f f |s 511b09e5-3010-30f8-a2f0-542c79e45b2a  |i 23e46b46-2f2e-321d-8f13-0dbe046f286e  |t 0 
952 f f |p normal  |a Texas A&M University  |b College Station  |c Sterling C. Evans Library  |d Evans: Library Stacks  |t 0  |e PR6039.H618 L3 1976  |h Library of Congress classification  |i unmediated -- volume  |m A14804012909 
998 f f |a PR6039.H618 L3 1976  |t 0  |l Evans: Library Stacks